Pushing Daisies Characters Quiz Stats

 Plays Quiz Updated Mar 6, 2020

Support Sporcle.
Go Orange.
Score 0/12 Timer 03:00
0 Plays Today
Actor Character % Correct
Anna FrielCharlotte 'Chuck' Charles
89.5%
Lee PaceNed
87.3%
Kristin ChenowethOlive Snook
74.7%
Chi McBrideEmerson Cod
57.4%
Jim DaleNarrator
54.8%
Swoosie KurtzLily Charles
54.1%
Ellen GreeneVivian Charles
47.9%
Orbit and OrionDigby
44.4%
Christine AdamsSimone Hundin
20.2%
David ArquetteRandy Mann
17.6%
Stephen RootDwight Dixon
17%
Sy RichardsonCoroner
16.2%

From the Vault

Click the Time Zone: Africa

by bandoneon1795

Geography 60s
The Sahara Desert covers roughly 31 percent of the African continent. More than enough to earn its own time zone.
Remove Ads.
Support Sporcle.
Get the best of Sporcle when you Go Orange. This ad-free experience offers more features, more stats, and more fun while also helping to support Sporcle. Thank you for becoming a member.

Show Comments

Extras

Top Quizzes Today


Score Distribution

Your Account Isn't Verified!

In order to create a playlist on Sporcle, you need to verify the email address you used during registration. Go to your Sporcle Settings to finish the process.

Report this User

Report this user for behavior that violates our Community Guidelines.

Details: